000 00569nam a22001937a 4500
005 20251108164818.0
008 250721s9999 xx 000 0 ara d
082 1 4 _a371.1/تدر
100 1 _aجرادات، عزت
245 1 0 _aالتدريس الفعال /
250 _aط4.
264 1 _aعمان :
_bمكتبة دار الفكر للنشر والتوزيع،
_c[19-].
300 _a143ص
490 0 _aالمكتبة التربوية المعاصرة ؛ 1
650 1 7 _aالتدريس
650 1 7 _aالمدرسون
942 _2ddc
_cBK
999 _c14961
_d14961